Diccionario enciclopédico de teología: suplemento

Uloženo v:
Podrobná bibliografie
Médium: Kniha
Jazyk:španělština
Vydáno: Madrid Paulinas 1978
Vydání:3a. ed
Témata:
Tagy: Přidat tag
Žádné tagy, Buďte první, kdo vytvoří štítek k tomuto záznamu!

MARC

LEADER 00000nam a2200000 a 4500
001 UCZ3475
003 CL-VaPUC
008 951020e19780000SP |||||||||||||||||spa|d
082 0 4 |a 241.03  |b DIC  |2 21 
245 1 0 |a Diccionario enciclopédico de teología: suplemento 
250 |a 3a. ed 
300 |a 241 p 
942 |c BK 
945 |d 19951020 00:00:00  |a aalvarez 
260 |a Madrid  |b Paulinas  |c 1978 
650 0 |a Teología moral   |9 256617 
650 0 |a Diccionarios  |9 256200 
650 0 |a Español  |9 255372 
583 |a last modification  |c 19951020 00:00:00  |k Rodrigo Vera 
999 |c 239947  |d 239945 
952 |0 0  |1 0  |4 0  |6 241_030000000000000_DIC_1978  |7 0  |8 F  |9 251502  |a BIBTEO  |b BIBTEO  |d 2019-11-18  |h s  |i 2020475  |o 241.03 DIC 1978  |p 2020475  |r 2025-01-17  |w 2019-11-18  |y BK_F  |k ICR 
952 |0 0  |1 0  |4 0  |6 241_030000000000000_DIC_1978  |7 0  |8 F  |9 251503  |a BIBTEO  |b BIBTEO  |d 2019-11-18  |h s  |i 2020645  |o 241.03 DIC 1978  |p 2020645  |r 2025-01-17  |w 2019-11-18  |y BK_F  |k ICR